| 000 | 01237pam a2200337 a 4500 | ||
|---|---|---|---|
| 999 |
_c4887 _d4887 |
||
| 001 | 4889529 | ||
| 003 | OSt | ||
| 005 | 20220330102328.0 | ||
| 008 | 930913s1994 maua b 001 0 eng c | ||
| 010 | _a 93037762 | ||
| 020 | _a0316173649 | ||
| 040 |
_aDNLM/DLC _cDLC _dDLC |
||
| 050 | 0 | 0 |
_aRC348 _b.M43 1994 |
| 060 | 0 | 0 | _aWL 100 M489 1994 |
| 082 | 0 | 0 |
_a616.8 _220 |
| 245 | 0 | 0 |
_aMedical neurosciences : _ban approach to anatomy, pathology, and physiology by systems and levels / _cBarbara F. Westmoreland ... [et al.]. |
| 250 | _a3rd ed. | ||
| 260 |
_aBoston : _bLittle, Brown and Co., _cc1994. |
||
| 300 |
_aix, 554 p. : _bill. ; _c26 cm. |
||
| 504 | _aIncludes bibliographical references and index. | ||
| 650 | 0 |
_aNervous system _xDiseases _xDiagnosis. |
|
| 650 | 0 | _aNeurosciences. | |
| 650 | 2 |
_aNervous System _xanatomy & histology. |
|
| 650 | 2 |
_aNervous System _xphysiology. |
|
| 650 | 2 | _aNervous System Diseases. | |
| 650 | 2 | _aNeurologic Examination. | |
| 700 | 1 | _aWestmoreland, Barbara F. | |
| 906 |
_a7 _bcbc _corignew _d1 _eocip _f19 _gy-gencatlg |
||
| 942 |
_2lcc _cBK _nCM |
||